| Tag |
First Indicator |
Second Indicator |
Subfields |
| LEADER |
00000cas a22000005a 4500 |
| 001 |
in00001406872 |
| 005 |
20151020073001.0 |
| 008 |
980129c19979999ctuuu 0 0eng d |
| 010 |
|
|
|a 98664088
|z sn 98030051
|
| 035 |
|
|
|a (OCoLC)38283891
|
| 035 |
|
|
|9 AHQ3836AM
|
| 040 |
|
|
|a JNA
|c JNA
|d GUA
|d DLC
|d TXA
|d UtOrBLW
|
| 042 |
|
|
|a lc
|
| 043 |
|
|
|a n-us---
|
| 049 |
|
|
|a TXAE
|
| 050 |
0 |
0 |
|a LC3727
|
| 050 |
1 |
4 |
|a LC3727
|b .D582
|
| 245 |
0 |
0 |
|a Diversity in higher education.
|
| 264 |
|
1 |
|a Greenwich, Conn. :
|b JAI Press,
|c [1997-]
|
| 264 |
|
4 |
|c ©1997-
|
| 300 |
|
|
|a volumes :
|b illustrations ;
|c 24 cm.
|
| 336 |
|
|
|a text
|b txt
|2 rdacontent
|
| 337 |
|
|
|a unmediated
|b n
|2 rdamedia
|
| 338 |
|
|
|a volume
|b nc
|2 rdacarrier
|
| 362 |
0 |
|
|a Vol. 1 (1997)-
|
| 500 |
|
|
|a Each volume has also a distinctive title.
|
| 500 |
|
|
|a Title from cover.
|
| 650 |
|
0 |
|a Minorities
|x Education (Higher)
|z United States
|x Periodicals.
|
| 650 |
|
0 |
|a Education, Higher
|z United States
|v Periodicals.
|
| 948 |
|
|
|a C:LF/BS
|
| 999 |
|
|
|a MARS
|
| 999 |
f |
f |
|s 7cffbb1d-159b-37d3-a317-be256143fe8b
|i 1f61bead-15d9-3842-abe9-eb1104942e0a
|t 0
|
| 952 |
f |
f |
|p ric
|a Texas A&M University
|b Rellis Campus
|c Joint Library Facility
|d Remote Storage
|t 0
|e LC3727 .D582
|h Library of Congress classification
|i unmediated -- volume
|k v.1
|l 1997
|m A14822008487
|
| 952 |
f |
f |
|p ric
|a Texas A&M University
|b Rellis Campus
|c Joint Library Facility
|d Remote Storage
|t 0
|e LC3727 .D582
|h Library of Congress classification
|i unmediated -- volume
|k v.2
|l 1998
|m A14823599017
|
| 998 |
f |
f |
|a LC3727 .D582
|s v.1-2 (1997-1998)
|t 0
|l Remote Storage
|